Vybrané otázky pozície ČĽR v utvárajúcej sa multipolarite medzinárodných vzťahov dizertačná práca

Salvato in:
Dettagli Bibliografici
Autore principale: Ondriaš, Juraj, 1988-
Ente Autore: Ekonomická univerzita v Bratislave. Fakulta medzinárodných vzťahov
Altri autori: Škvrnda, František
Natura: Libro
Lingua:slovacco
Pubblicazione: Bratislava 2017
Soggetti:
Tags: Aggiungi Tag
Nessun Tag, puoi essere il primo ad aggiungerne!!

MARC

LEADER 00000nbm a2200000 4500
001 0235399
005 20240502073817.1
041 0 |a slo 
044 |a SK 
245 1 0 |a Vybrané otázky pozície ČĽR v utvárajúcej sa multipolarite medzinárodných vzťahov  |b dizertačná práca  |c Juraj Ondriaš ; školiteľ: František Škvrnda 
264 1 |a Bratislava  |c 2017 
300 |a 155 s. 
610 2 0 |a vzťahy medzinárodné 
610 2 0 |a moc politická 
610 2 0 |a multilateralita 
610 2 0 |a diplomacia 
610 2 0 |a politika zahraničná 
610 2 0 |a rozvoj hospodársky 
610 2 0 |a spolupráca medzinárodná 
610 2 0 |a porovnanie medzinárodné 
610 2 0 |a Čína 
610 2 0 |a USA 
610 2 0 |a BRICS 
100 1 |a Ondriaš, Juraj, 1988- 
700 1 |a Škvrnda, František 
710 2 |a Ekonomická univerzita v Bratislave. Fakulta medzinárodných vzťahov